000 00762nam a2200181Ia 4500
008 100920s9999 xx 000 0 und d
082 _b74414
_a891.43 थ 69
100 _aसांकृत्यायन राहुल.
245 _aमधुर स्वप्न ऎतिहासिक उपन्यास.
260 _bराजपाल एण्ड सन्स ,कश्मीरी गेट, दिल्ली.
_c1969
300 _a256
_bसाधी
365 _b7
520 _aहिंदी.
630 _aमधुर स्वप्न ऎतिहासिक उपन्यास.
650 _aहिंदी.
730 _aमधुर स्वप्न ऎतिहासिक उपन्यास.
942 _cBOOK
999 _c716012
_d716009